「つ」が2つつく駅名 - Statistics

General Stats
  • This quiz has been taken 58 times
  • The average score is 7 of 21
Answer Stats
頭文字 都道府県 駅名 読み % Correct
「あ」 北海道 厚別 あつべつ
61%
「つ」 東京都 つつじヶ丘 つつじがおか
57%
「つ」 青森県 筒井 つつい
54%
「つ」 奈良県 筒井 つつい
54%
「つ」 新潟県 筒石 つついし
54%
「む」 青森県 陸奥鶴田 むつつるだ
41%
「ち」 東京都 地下鉄赤塚 ちかてつあかつか
39%
「つ」 宮城県 榴ケ岡 つつじがおか
37%
「て」 埼玉県 鉄道博物館 てつどうはくぶつかん
37%
「よ」 山口県 四辻 よつつじ
37%
「い」 宮城県 五橋 いつつばし
33%
「う」 長崎県 現川 うつつがわ
33%
「お」 青森県 奥津軽いまべつ おくつがるいまべつ
30%
「け」 静岡県 県立美術館前 けんりつびじゅつかんまえ
30%
「さ」 鹿児島県 薩摩松元 さつままつもと
22%
「み」 福井県 三松 みつまつ
22%
「み」 大阪府 三ツ松 みつまつ
20%
「に」 福岡県 西鉄二日市 にしてつふつかいち
17%
「ま」 長崎県 松浦発電所前 まつうらはつでんしょまえ
17%
「い」 福岡県 出光美術館 いでみつびじゅつかん
7%
「け」 高知県 県立美術館通 けんりつびじゅつかんどおり
4%
No matching quizzes found
Score Distribution
Percent of People with Each Score
Percentile by Number Answered
Your Score History
You have not taken this quiz